| 000 | 01250nam a2200337 a 4500 | ||
|---|---|---|---|
| 001 | 000111494 | ||
| 003 | CHAP | ||
| 005 | 20220329144214.0 | ||
| 008 | 150513s2015 mx |sm |||||||spa d | ||
| 010 | _a107956 | ||
| 011 | _a108928 | ||
| 040 | _cCHAP | ||
| 090 | _aTesis | ||
| 100 | 1 |
_aMartínez Jerónimo, Zenaida _9129387 |
|
| 245 | 1 | 0 |
_aComparación de grupos con la distribución poisson generalizada _h[En línea] _cpor Zenaida Martínez Jerónimo y Patricia Estrada Drouaillet. |
| 260 |
_aChapingo, Méx. : _bEl autor, _c2015. |
||
| 500 | _aPara ver el contenido del material haga clic en la liga | ||
| 502 | _aTesis (Lic. en Estadística) -- UACH. División de Ciencias Forestales | ||
| 590 |
_aBATCH-UPD _b05 _c20150513 _lUCH01 _h1423 |
||
| 590 |
_aE5652GLJ _b05 _c20150513 _lUCH01 _h0850 |
||
| 590 |
_aE5652GLJ _b05 _c20150513 _lUCH01 _h0851 |
||
| 590 |
_aE5652GLJ _b05 _c20150513 _lUCH01 _h1422 |
||
| 650 | 1 | 4 |
_aDistribución de Poisson. _9129398 |
| 650 | 1 | 4 |
_aMétodo de Monte Carlo. _976621 |
| 650 | 1 | 4 |
_aProbabilidades _xModelos matemáticos. _9129397 |
| 700 | 1 |
_aEstrada Drouaillet, Patricia _9129388 |
|
| 856 |
_aFinding aid _uhttp://10.13.5.2/tesis/sist111494.pdf _zTeclea aquí |
||
| 901 | _aBK | ||
| 942 | _cTESIS | ||
| 942 | _n0 | ||
| 999 |
_c107956 _d107956 |
||